| 000 | 00701nam a2200205 a 4500 | ||
|---|---|---|---|
| 005 | 20251023063914.0 | ||
| 008 | 010912s19952001 r 000 0 eng d | ||
| 020 | _a9582002433 | ||
| 035 | _aUPN01000111364 | ||
| 049 | _aCG | ||
| 050 | 4 |
_aLB2806.25 _bO7.2 |
|
| 100 | 1 | _aOrdóñez Pachón, Carlos | |
| 245 | 1 | 0 |
_aAdministración y desarrollo de comunidades educativas : _bhacia un nuevo paradigma de organización escolar / _cCarlos Ordóñez Pachón. |
| 260 |
_aSanta Fé de Bogotá : _bMagisterio, _c1995 (2001 impr.). |
||
| 300 | _a98 p. | ||
| 440 | 0 |
_aMesa redonda ; _v31 |
|
| 650 | 4 |
_aAdministración educativa _9498 |
|
| 650 | 4 |
_aEDUCACION - _xPLANIFICACION - _zCOLOMBIA _914589 |
|
| 905 | _aLibro | ||
| 999 |
_c85272 _d85272 |
||